| 000 | 00717nam a2200229 a 4500 | ||
|---|---|---|---|
| 008 | |||
| 020 | _a0133353249 (pbk.) | ||
| 049 | _aMAIN | ||
| 090 |
_aQA76 _bALA |
||
| 100 | 1 | _aAlagar, Vangalur S. | |
| 245 | 1 | 0 |
_aFundamentals of computing : _btheory and practice / _cVangalur S. Alagar. |
| 260 |
_aEnglewood Cliffs, N.J. : _bPrentice-Hall International, _cc1989. |
||
| 300 |
_axiv, 753 p. ; _c24 cm. |
||
| 500 | _aIncludes index. | ||
| 650 | 0 |
_aElectronic digital computers _xProgramming. |
|
| 650 | 0 |
_aComputer science _xMathematics. |
|
| 907 |
_a.b10044279 _b26-04-12 _c17-04-03 |
||
| 003 | |||
| 005 | 20230123133418.0 | ||
| 040 | _cNUST | ||
| 942 |
_cBOOKS _kQA76 _mALA |
||
| 999 |
_c148130 _d148130 |
||